[Event "Cap d'Agde CCAS op"]
[Site "Cap d'Agde"]
[Date "2013.10.26"]
[Round "1"]
[White "Deleva, Michael"]
[Black "Salgues, Philippe"]
[Result "1-0"]
[WhiteElo "2235"]
[BlackElo "1984"]
[PlyCount "56"]
[EventDate "2013.10.26"]
[EventType "swiss"]
[EventRounds "9"]
[EventCountry "FRA"]
[SourceTitle "EXT 2016"]
[Source "ChessBase"]
[SourceDate "2015.10.08"]
[SourceVersion "1"]
[SourceVersionDate "2015.10.08"]
[SourceQuality "1"]

1. d4 d5 2. c4 e6 3. Nc3 Nf6 4. cxd5 exd5 5. Bg5 Be7 6. e3 0-0 7. Bd3 h6 8. Bf4 c6 9. h3 Re8 10. Nf3 Nbd7 11. Qc2 b6 12. 0-0-0 b5 13. Nxb5 cxb5 14. Bc7 Bb7 15. Bxd8 Rc8 16. Qxc8 Bxc8 17. Bxe7 Rxe7 18. Kb1 Ne4 19. Bxe4 Rxe4 20. Rc1 Re8 21. Rc7 a6 22. Rhc1 Nb6 23. g4 Be6 24. R1c6 Rb8 25. b3 h5 26. Ne5 hxg4 27. hxg4 a5 28. f4 g6 1-0

[Event "Caen Alekhine op-A 22nd"]
[Site "Caen"]
[Date "2012.11.02"]
[Round "2"]
[White "Salgues, Philippe"]
[Black "Coursaget, Nicolas"]
[Result "0-1"]
[WhiteElo "1976"]
[BlackElo "2289"]
[PlyCount "46"]
[EventDate "2012.11.01"]
[EventType "swiss"]
[EventRounds "7"]
[EventCountry "FRA"]
[SourceTitle "EXT 2013"]
[Source "ChessBase"]
[SourceDate "2012.11.22"]
[SourceVersion "1"]
[SourceVersionDate "2012.11.22"]
[SourceQuality "1"]

1. Nf3 d5 2. c4 c6 3. cxd5 cxd5 4. d4 Nf6 5. Nc3 Nc6 6. e3 Bf5 7. Qb3 Rb8 8. Be2 e6 9. Nh4 Bg4 10. f3 Bh5 11. g3 g5 12. Ng2 Bg6 13. a3 a6 14. Qd1 h5 15. Kf2 Bd6 16. Bd3 Bxd3 17. Qxd3 h4 18. Bd2 Qc7 19. f4 h3 20. Ne1 gxf4 21. exf4 Nxd4 22. Nc2 Nxc2 23. Qxc2 d4 0-1

[Event "Chateauroux op"]
[Site "Chateauroux"]
[Date "2009.10.30"]
[Round "5"]
[White "Salgues, Philippe"]
[Black "Augonnet, Herve"]
[Result "1-0"]
[WhiteElo "1949"]
[BlackElo "1790"]
[PlyCount "31"]
[EventDate "2009.10.28"]
[EventType "swiss"]
[EventRounds "7"]
[EventCountry "FRA"]
[SourceTitle "EXT 2011"]
[Source "ChessBase"]
[SourceDate "2010.11.26"]
[SourceVersion "1"]
[SourceVersionDate "2010.11.26"]
[SourceQuality "1"]

1. f4 Nf6 2. Nf3 c5 3. e3 d6 4. Be2 Nc6 5. 0-0 g6 6. c3 Bg7 7. d4 cxd4 8. cxd4 d5 9. Nc3 0-0 10. Ne5 Qc7 11. g4 e6 12. Bd2 Nxe5 13. fxe5 Nd7 14. Nb5 Qb8 15. Bb4 Rd8 16. Bd6 1-0

[Event "Niort op-B"]
[Site "Niort"]
[Date "2002.09.29"]
[Round "4"]
[White "Demuth, Adrien"]
[Black "Salgues, Philippe"]
[Result "0-1"]
[WhiteElo "1740"]
[BlackElo "1790"]
[PlyCount "40"]
[EventDate "2002.09.28"]
[EventType "swiss"]
[EventRounds "6"]
[EventCountry "FRA"]
[SourceTitle "EXT 2004"]
[Source "ChessBase"]
[SourceDate "2003.11.25"]
[SourceVersion "1"]
[SourceVersionDate "2003.11.25"]
[SourceQuality "1"]

1. d4 d5 2. c4 c6 3. Nc3 Nf6 4. Bg5 Nbd7 5. e3 Ne4 6. Nxe4 dxe4 7. f3 Qa5+ 8. Qd2 Qxg5 9. Nh3 Qh4+ 10. g3 Qh6 11. fxe4 Nf6 12. Nf2 Ng4 13. Nxg4 Bxg4 14. Bg2 e5 15. 0-0 exd4 16. Qxd4 Be7 17. e5 Bh3 18. Be4 Bxf1 19. Rxf1 0-0 20. Qc3 Rad8 0-1

[Event "Niort op-B"]
[Site "Niort"]
[Date "2002.09.28"]
[Round "3"]
[White "Salgues, Philippe"]
[Black "Gremy, Paul"]
[Result "1-0"]
[WhiteElo "1790"]
[BlackElo "1670"]
[PlyCount "107"]
[EventDate "2002.09.28"]
[EventType "swiss"]
[EventRounds "6"]
[EventCountry "FRA"]
[SourceTitle "EXT 2004"]
[Source "ChessBase"]
[SourceDate "2003.11.25"]
[SourceVersion "1"]
[SourceVersionDate "2003.11.25"]
[SourceQuality "1"]

1. c4 e5 2. Nc3 Nf6 3. g3 c6 4. Bg2 d5 5. cxd5 cxd5 6. d3 Nc6 7. Bg5 d4 8. Bxf6 Qxf6 9. Ne4 Bb4+ 10. Nd2 0-0 11. a3 Ba5 12. b4 Bb6 13. Ngf3 Bg4 14. 0-0 Qe6 15. Rc1 h6 16. Qb3 Rac8 17. Qxe6 Bxe6 18. Nc4 Bc7 19. b5 Bxc4 20. bxc6 Bd5 21. cxb7 Bxb7 22. Bh3 f5 23. Nd2 g6 24. Bg2 Bxg2 25. Kxg2 Bb6 26. Nc4 e4 27. Nd6 Rxc1 28. Rxc1 exd3 29. exd3 Rd8 30. Rc6 Kg7 31. Nc8 Kf7 32. Nxb6 axb6 33. Rxb6 Ra8 34. Rb4 Rxa3 35. Rxd4 h5 36. h4 Ke6 37. Kf3 Ke5 38. Rd8 Rb3 39. Ke3 Ra3 40. Rc8 Kf6 41. Rc6+ Kf7 42. Rc2 Kf6 43. Kd4 Ra6 44. Kd5 Ra5+ 45. Kc4 g5 46. Kb4 Rd5 47. Rc6+ Kg7 48. Kc4 Ra5 49. hxg5 Ra2 50. d4 Rxf2 51. Rh6 f4 52. gxf4 Rxf4 53. Rxh5 Kg6 54. Rh1 1-0